000
00338nam a2200133Ia 4500
008
240624s9999 xx 000 0 und d
041
_a
eng
082
_a
658.4092 BAR
100
_a
BRANES JOHN A
245
_a
JOHN F KENNEDY ON LEADERSHIP THE LESSONS
260
_c
2005
_a
New York
_b
Amacom
300
_a
x, : 228p. ; 23cm
365
_c
_b
28
999
_c
22054
_d
22054